Fleethub (Record no. 331535)
[ view plain ]
| 000 -LEADER | |
|---|---|
| fixed length control field | 00480nam a2200145 4500 |
| 082 ## - DEWEY DECIMAL CLASSIFICATION NUMBER | |
| Classification number | BESE-4 ALE |
| 100 ## - MAIN ENTRY--PERSONAL NAME | |
| Personal name | Aleena Younus | Sarwat Til Vusqa | Syed Ammar Abbas Naqvi |
| 245 ## - TITLE STATEMENT | |
| Title | Fleethub |
| 260 ## - PUBLICATION, DISTRIBUTION, ETC. | |
| Place of publication, distribution, etc. | Islamabad |
| Name of publisher, distributor, etc. | NUST-SEECS |
| Date of publication, distribution, etc. | 2017 |
| 300 ## - PHYSICAL DESCRIPTION | |
| Extent | 94p. |
| Accompanying material | CD Includes |
| 856 ## - Uniform Resource Identifier | |
| Uniform Resource Identifier | <a href="http://10.250.8.41:8080/xmlui/handle/123456789/29335">http://10.250.8.41:8080/xmlui/handle/123456789/29335</a> |
| 942 ## - ADDED ENTRY ELEMENTS (KOHA) | |
| Source of classification or shelving scheme | |
| Koha item type | Project Report |
| Withdrawn status | Lost status | Source of classification or shelving scheme | Damaged status | Not for loan | Collection code | Permanent Location | Current Location | Shelving location | Date acquired | Full call number | Barcode | Date last seen | Price effective from | Koha item type |
|---|---|---|---|---|---|---|---|---|---|---|---|---|---|---|
| WITHDRAWN | Central Library (CL) | Central Library (CL) | General Stacks | 10/03/2017 | BESE-4 ALE | SEECSP02127 | 10/03/2017 | 10/03/2017 | Project Report |
